000 00463nam a2200169Ia 4500
008 230917s9999||||xx |||||||||||||| ||und||
020 _cRS 450.00
040 _e5010892
_aMAIN
041 _aEnglish
082 _a350.1 R188P
100 _aRathod, P B
245 0 _aPersonnel administration: Dynamic and dimensions
260 _aNew Delhi
_bABD Publishers
_c2020
300 _a193 p.
500 _a4826 19/12/2022 OBC22/9675 20/12/2022 Main Budget
942 _cBK
999 _c7391
_d7391